[Event "VII Festival B"]
[Site "Amantea ITA"]
[Date "2009.08.31"]
[Round "1"]
[White "Denozza, Mauro"]
[Black "Ielapi, Vito"]
[Result "0-1"]
[WhiteElo "1635"]
[BlackElo "1887"]
[PlyCount "62"]
[EventDate "2009.08.31"]

1. d4 Nf6 2. Nf3 b6 3. e3 Bb7 4. Bd3 e6 5. Nbd2 d5 6. O-O Nbd7 7. c3 Bd6 8. b4
O-O 9. a4 Ne4 10. Qc2 f5 11. Ba3 g5 12. b5 Qf6 13. Bxd6 cxd6 14. Nb3 Rac8 15.
Bxe4 fxe4 16. Nfd2 g4 17. a5 Qh4 18. axb6 axb6 19. Ra7 Rb8 20. c4 Rfc8 21. Rc1
Rc7 22. Qa2 Rbc8 23. Na1 dxc4 24. Rxc4 d5 25. Rxc7 Rxc7 26. Nab3 Qe7 27. Kf1
Nf6 28. Qa3 Qd7 29. Qa4 Ne8 30. Ke2 Nd6 31. Qa3 Nxb5 0-1

[Event "VII Festival B"]
[Site "Amantea ITA"]
[Date "2009.08.31"]
[Round "1"]
[White "Furnari, Francesco"]
[Black "Fariselli, Umberto"]
[Result "1-0"]
[WhiteElo "1832"]
[BlackElo "1509"]
[PlyCount "69"]
[EventDate "2009.08.31"]

1. e4 c5 2. Nf3 e6 3. d4 cxd4 4. Nxd4 Nf6 5. Bd3 a6 6. O-O b5 7. e5 Nd5 8. Be4
Ne7 9. Bxa8 Ng6 10. Re1 Bc5 11. Nf3 O-O 12. Be3 Be7 13. Nbd2 Qc7 14. Kh1 d6 15.
exd6 Bxd6 16. Ne4 Be7 17. Qe2 f5 18. Neg5 f4 19. Bd4 Qd6 20. Rad1 Bxg5 21. Nxg5
Qe7 22. Nxe6 Bxe6 23. Qxe6+ Qxe6 24. Rxe6 Nd7 25. Bd5 Kh8 26. Rde1 Rd8 27. Re8+
Rxe8 28. Rxe8+ Ngf8 29. Bc5 h6 30. Bxf8 Nxf8 31. Rxf8+ Kh7 32. h4 g5 33. hxg5
hxg5 34. Rf7+ Kg6 35. Kh2 1-0

[Event "VII Festival B"]
[Site "Amantea ITA"]
[Date "2009.08.31"]
[Round "1"]
[White "Grudina, Marco"]
[Black "Scalise, Sandro"]
[Result "1/2-1/2"]
[WhiteElo "1882"]
[BlackElo "1631"]
[PlyCount "88"]
[EventDate "2009.08.31"]

1. e4 Nf6 2. Nc3 d5 3. e5 Ne4 4. d4 Nxc3 5. bxc3 Bf5 6. Bd3 Qd7 7. f4 Bg4 8.
Nf3 f5 9. O-O e6 10. a4 Be7 11. Bb5 c6 12. Be2 O-O 13. Ba3 Bxa3 14. Rxa3 Qe7
15. Rb3 c5 16. Qb1 b6 17. a5 c4 18. Rb5 Nd7 19. axb6 Nxb6 20. Qa2 g5 21. fxg5
Rf7 22. Rxb6 Rg7 23. Rf2 Bxf3 24. Bxf3 Rf8 25. Rb4 Qxg5 26. Qa1 h5 27. Ra4 h4
28. Ra6 Qe3 29. Rxe6 h3 30. Bxd5 Kh7 31. Rf6 Rfg8 32. Bxg8+ Rxg8 33. Qxa7+ Rg7
34. Qxg7+ Kxg7 35. R6xf5 Qe1+ 36. Rf1 Qxc3 37. d5 Qd4+ 38. R5f2 Qxd5 39. gxh3
Qxe5 40. Rg2+ Kh6 41. Rgf2 Qe3 42. Kg2 Qe4+ 43. Kg3 Qe3+ 44. Kg2 Qe4+ 1/2-1/2

[Event "VII Festival B"]
[Site "Amantea ITA"]
[Date "2009.08.31"]
[Round "1"]
[White "Lapenna, Michelangelo"]
[Black "Rizzi, Domenico"]
[Result "0-1"]
[WhiteElo "1849"]
[BlackElo "1605"]
[PlyCount "154"]
[EventDate "2009.08.31"]

1. d4 d5 2. Nf3 e6 3. c4 c6 4. Nc3 Nf6 5. Bg5 Bb4 6. Qb3 Bxc3+ 7. bxc3 Nbd7 8.
e3 Qa5 9. Bf4 Ne4 10. Rc1 O-O 11. h3 Nb6 12. Bc7 Qa4 13. c5 Qxb3 14. axb3 Nd7
15. b4 b6 16. Bd3 Ndf6 17. Ne5 Bb7 18. Bxe4 Nxe4 19. Nd7 Rfc8 20. cxb6 axb6 21.
Nxb6 Rxc7 22. Nxa8 Bxa8 23. Ra1 Bb7 24. Ra3 Kf8 25. Ke2 Ke8 26. Rha1 Kd8 27. f3
Nd6 28. Kd3 f5 29. g4 g6 30. gxf5 exf5 31. h4 Ke7 32. h5 g5 33. Rg1 Kf6 34. Ra2
h6 35. Rga1 g4 36. fxg4 fxg4 37. Rg1 Kg5 38. Rag2 Bc8 39. Ra2 Kxh5 40. Rh2+ Kg5
41. Rgh1 Nf7 42. e4 Be6 43. e5 Bf5+ 44. Ke3 Ra7 45. Rb2 Ra3 46. Rc1 h5 47. b5
cxb5 48. Rxb5 g3 49. Rxd5 Kg4 50. Rb5 h4 51. Rb8 g2 52. Rg8+ Ng5 53. Kf2 Ra2+
54. Ke3 h3 55. Rh8 Kg3 56. Rg8 Kh4 57. Rh8+ Kg3 58. Rg8 Kg4 59. Rh8 Rc2 60.
Rxc2 Bxc2 61. Kf2 Ne4+ 62. Kg1 Nxc3 63. Rg8+ Kf4 64. e6 Ne2+ 65. Kh2 g1=Q+ 66.
Rxg1 Nxg1 67. e7 Bg6 68. d5 Be8 69. d6 Bd7 70. Kxg1 Kg3 71. Kh1 Bc6+ 72. Kg1
h2+ 73. Kf1 h1=Q+ 74. Ke2 Qe4+ 75. Kf1 Qe3 76. e8=Q Qxe8 77. d7 Bxd7 0-1

[Event "VII Festival B"]
[Site "Amantea ITA"]
[Date "2009.08.31"]
[Round "1"]
[White "Mileo, Miguelito"]
[Black "Nicoletta, Oscare"]
[Result "1-0"]
[WhiteElo "1656"]
[BlackElo "1341"]
[PlyCount "59"]
[EventDate "2009.08.31"]

1. d4 e6 2. Bf4 d6 3. e3 Nf6 4. Bd3 Be7 5. Nd2 O-O 6. Ngf3 Ng4 7. h3 e5 8. Bg3
Nf6 9. c3 Nc6 10. Qc2 g6 11. Ne4 exd4 12. cxd4 d5 13. Nxf6+ Bxf6 14. O-O Nb4
15. Qd2 Be7 16. Be2 c6 17. a3 Na6 18. h4 Bf6 19. Rac1 Nc7 20. Ne5 Bxe5 21. Bxe5
Ne6 22. Bd3 f6 23. Bh2 f5 24. Be5 b6 25. Rxc6 Bb7 26. Rxe6 Qd7 27. Rd6 Qe7 28.
Bb5 a6 29. Rd7 Qe6 30. Rg7+ 1-0

[Event "VII Festival B"]
[Site "Amantea ITA"]
[Date "2009.08.31"]
[Round "1"]
[White "Montalbano, Federico"]
[Black "Rizzuti, Pasquale"]
[Result "1-0"]
[WhiteElo "1509"]
[BlackElo "1826"]
[PlyCount "91"]
[EventDate "2009.08.31"]

1. e4 e6 2. d4 d5 3. Nd2 c5 4. exd5 Qxd5 5. Ngf3 Nf6 6. Bc4 Qd6 7. dxc5 Qxc5 8.
O-O Be7 9. b3 b5 10. Bd3 Bb7 11. Bb2 Nbd7 12. Qe2 a6 13. Rfe1 O-O 14. a4 b4 15.
Bc4 Qc6 16. Rad1 Rfe8 17. Bd3 Ne5 18. Nc4 Nxd3 19. Rxd3 a5 20. Nce5 Qc7 21. Ng5
Ba6 22. Nexf7 Bf8 23. Bxf6 Bxd3 24. Qxd3 g6 25. Qh3 h5 26. Qd3 Qxf7 27. Nxf7
Kxf7 28. Qf3 Kg8 29. Qg3 Kf7 30. Qg5 Ra6 31. Re3 Rd6 32. h3 Rd5 33. Be5 Bg7 34.
Qf4+ Kg8 35. Bxg7 Kxg7 36. Rf3 Rf5 37. Qc7+ Kh6 38. Rxf5 exf5 39. Qxa5 Kg5 40.
Kf1 h4 41. Qxb4 Kh5 42. a5 g5 43. Qc4 Rf8 44. Qc7 Kg6 45. Qd6+ Rf6 46. Qxf6+
1-0

[Event "VII Festival B"]
[Site "Amantea ITA"]
[Date "2009.08.31"]
[Round "1"]
[White "Paragliola, Gennaro"]
[Black "Baschirotto, Marco"]
[Result "1-0"]
[WhiteElo "1619"]
[BlackElo "1869"]
[PlyCount "127"]
[EventDate "2009.08.31"]

1. d4 d5 2. c4 c6 3. Nc3 Nf6 4. Nf3 a6 5. Bg5 Nbd7 6. e3 Ne4 7. Nxe4 dxe4 8.
Nd2 Qa5 9. Bf4 e5 10. Bg3 Bb4 11. Be2 exd4 12. exd4 O-O 13. a3 Bxd2+ 14. Qxd2
Qxd2+ 15. Kxd2 Re8 16. Rhe1 b5 17. b3 Nb6 18. Rac1 Bb7 19. Bc7 Nd7 20. Bg4 Nf6
21. Bf5 g6 22. Bh3 Bc8 23. Bxc8 Raxc8 24. Be5 Ng4 25. Rxe4 f5 26. Re2 Rcd8 27.
Kc3 c5 28. Rce1 cxd4+ 29. Bxd4 Rxe2 30. Rxe2 Kf7 31. h3 Nh6 32. Bb6 Rc8 33. c5
Ng8 34. b4 Nf6 35. Kd4 h6 36. g3 Ne4 37. g4 Re8 38. f3 Ng5 39. Rxe8 Kxe8 40.
gxf5 gxf5 41. Kd5 Kd7 42. c6+ Kc8 43. Be3 Nxf3 44. Bxh6 Nh4 45. Kc5 Ng6 46. Kb6
f4 47. Bxf4 Nxf4 48. h4 Nd5+ 49. Kxa6 Kc7 50. Kxb5 Ne7 51. h5 Nxc6 52. h6 Ne7
53. a4 Kb7 54. Kc5 Kc7 55. b5 Kb7 56. a5 Ka7 57. h7 Ng6 58. Kd6 Kb7 59. Kc5 Kc7
60. a6 Kb8 61. b6 Kc8 62. a7 Kb7 63. Kd6 Ka8 64. Kc7 1-0

[Event "VII Festival B"]
[Site "Amantea ITA"]
[Date "2009.08.31"]
[Round "1"]
[White "Russi, Roberto"]
[Black "Vocaturo, Riccardo"]
[Result "1-0"]
[WhiteElo "1898"]
[BlackElo "1641"]
[PlyCount "57"]
[EventDate "2009.08.31"]

1. c4 f5 2. Nc3 Nf6 3. g3 e6 4. Bg2 Be7 5. d4 O-O 6. e3 d5 7. Nge2 c6 8. b3
Nbd7 9. Bb2 b6 10. Nf4 Kf7 11. O-O Ba6 12. Re1 Rc8 13. Rc1 dxc4 14. e4 g6 15.
exf5 exf5 16. Ne6 Qe8 17. Nxf8 Qxf8 18. Qe2 b5 19. Qe6+ Ke8 20. Bxc6 b4 21. Nd5
Rxc6 22. Qxc6 Nxd5 23. Qxa6 c3 24. Qc8+ Kf7 25. Qxd7 Nf6 26. Qe6+ Ke8 27. Bxc3
bxc3 28. Rxc3 Ne4 29. Rc8# 1-0

[Event "VII Festival B"]
[Site "Amantea ITA"]
[Date "2009.08.31"]
[Round "1"]
[White "Russo, Carmelo"]
[Black "Zampaglione, Francesco"]
[Result "1-0"]
[WhiteElo "1705"]
[BlackElo "1437"]
[PlyCount "193"]
[EventDate "2009.08.31"]

1. d4 d5 2. c4 e6 3. e3 c6 4. Nf3 Nd7 5. Bd3 Ngf6 6. O-O Bd6 7. cxd5 exd5 8.
Qc2 h6 9. a3 a5 10. Nc3 O-O 11. Bd2 b5 12. e4 dxe4 13. Nxe4 Qc7 14. Nxd6 Qxd6
15. b4 a4 16. Rfe1 Nd5 17. Rac1 Nb8 18. Ne5 Bd7 19. Bh7+ Kh8 20. Be4 Nf6 21.
Nxd7 Qxd7 22. Bxc6 Nxc6 23. Qxc6 Qxd4 24. Be3 Qd5 25. Qxd5 Nxd5 26. Bc5 Rfe8
27. Kf1 Kh7 28. Rxe8 Rxe8 29. Bd4 Re6 30. Rc5 Rd6 31. Be5 Rd7 32. Rxb5 Nc7 33.
Bxc7 Rxc7 34. Rc5 Rd7 35. Rc3 Rd5 36. Ke2 Kg6 37. Rc5 Rd6 38. b5 f6 39. Rc6 Rd5
40. b6 Rb5 41. f3 Rb3 42. b7 Rxb7 43. Ra6 Rb2+ 44. Kf1 Rb1+ 45. Kf2 Rb2+ 46.
Kg3 Re2 47. Rxa4 Kg5 48. Ra5+ f5 49. h4+ Kg6 50. Ra6+ Kh7 51. h5 Rc2 52. a4 Rc4
53. a5 f4+ 54. Kg4 Rc2 55. Kh3 Rc5 56. Kg4 Rc2 57. Kxf4 Rxg2 58. Rg6 Ra2 59. a6
Ra5 60. Kg4 Ra4+ 61. f4 Ra5 62. Rb6 Ra4 63. Kf3 Ra5 64. Kg4 Ra4 65. Rg6 Ra5 66.
f5 Ra4+ 67. Kg3 Ra3+ 68. Kf4 Ra4+ 69. Ke5 Ra5+ 70. Ke4 Ra4+ 71. Kd5 Ra5+ 72.
Ke4 Ra4+ 73. Kd3 Ra5 74. Kc4 Rxf5 75. Kb4 Rxh5 76. Rc6 Re5 77. a7 Re8 78. Kb5
h5 79. Rc7 Kh6 80. Rc6+ g6 81. Ra6 h4 82. a8=Q Rxa8 83. Rxa8 Kh5 84. Kc4 Kg4
85. Kd3 g5 86. Ke2 Kg3 87. Kf1 g4 88. Ra3+ Kf4 89. Kg2 h3+ 90. Kh2 Kg5 91. Kg3
Kh5 92. Ra5+ Kh6 93. Re5 Kg6 94. Rd5 Kf6 95. Rd8 Kg5 96. Rg8+ Kf5 97. Rxg4 1-0

[Event "VII Festival B"]
[Site "Amantea ITA"]
[Date "2009.08.31"]
[Round "1"]
[White "Sansosti, Simona"]
[Black "Carbone, Stefano"]
[Result "0-1"]
[WhiteElo "1431"]
[BlackElo "1695"]
[PlyCount "108"]
[EventDate "2009.08.31"]

1. d4 Nf6 2. Nf3 g6 3. e3 Bg7 4. Bd3 d6 5. O-O O-O 6. Nbd2 Nc6 7. h3 e5 8. dxe5
Nxe5 9. Nxe5 dxe5 10. e4 Qe7 11. Nf3 Rd8 12. Bg5 h6 13. Bxf6 Qxf6 14. Qe2 Qb6
15. b3 Be6 16. Rad1 Qb4 17. Qd2 Qc5 18. Qc1 a5 19. a4 Bxb3 20. cxb3 Qxc1 21.
Rxc1 Rxd3 22. Rxc7 Rxb3 23. Rd1 b6 24. Rdd7 Rf8 25. Re7 Bf6 26. Red7 Rb4 27.
Rb7 Kg7 28. h4 Rxe4 29. Rxb6 Rxa4 30. g3 e4 31. Nd2 Rd8 32. Rxd8 Bxd8 33. Ra6
f5 34. Kf1 Kf7 35. Ke2 Be7 36. f3 exf3+ 37. Nxf3 Re4+ 38. Kd3 Bb4 39. Nd4 Be1
40. Ne2 Re6 41. Ra7+ Kf6 42. Ra8 Rb6 43. Ke3 Rb3+ 44. Kd4 Bxg3 45. Nxg3 Rxg3
46. Ra6+ Ke7 47. Ra7+ Kd8 48. Ke5 Rg4 49. Kf6 a4 50. Ra8+ Kc7 51. Ra5 Kb6 52.
Ra8 Kb5 53. h5 gxh5 54. Kxf5 Rg5+ 0-1

[Event "VII Festival B"]
[Site "Amantea ITA"]
[Date "2009.08.31"]
[Round "1"]
[White "Sigmund, Ingenuin"]
[Black "Carlomagno, Vincenzo"]
[Result "1-0"]
[WhiteElo "1825"]
[BlackElo "1488"]
[PlyCount "63"]
[EventDate "2009.08.31"]

1. e4 c5 2. Nf3 Nc6 3. g3 d6 4. Bg2 Nf6 5. h3 e6 6. Nc3 Be7 7. O-O O-O 8. d4
cxd4 9. Nxd4 a6 10. Be3 Qc7 11. Qd2 Bd7 12. f4 Na5 13. b3 Rac8 14. Nce2 d5 15.
e5 Ne4 16. Bxe4 dxe4 17. c4 Nc6 18. Rad1 Nxd4 19. Bxd4 Bc6 20. Qe3 b5 21. c5
Bd5 22. a3 Bxc5 23. b4 Bxd4 24. Rxd4 Qb7 25. Rfd1 Rc4 26. f5 Rxd4 27. Nxd4 Qe7
28. Rd2 Bb7 29. Rf2 exf5 30. Nxf5 Qxe5 31. Qg5 Qf6 32. Ne7+ 1-0

[Event "VII Festival B"]
[Site "Amantea ITA"]
[Date "2009.09.01"]
[Round "2"]
[White "Baschirotto, Marco"]
[Black "Daniac, Federico"]
[Result "1/2-1/2"]
[WhiteElo "1869"]
[BlackElo "1596"]
[PlyCount "125"]
[EventDate "2009.08.31"]

1. d4 d5 2. Nf3 e6 3. e3 c5 4. c3 Nf6 5. Bd3 Bd6 6. Nbd2 O-O 7. O-O Nbd7 8. e4
dxe4 9. Nxe4 Nxe4 10. Bxe4 Nf6 11. Bg5 h6 12. Bxf6 Qxf6 13. Rc1 Qf4 14. Qe2 Rb8
15. g3 Qg4 16. Qe3 b6 17. Ne5 cxd4 18. cxd4 Bxe5 19. dxe5 Ba6 20. f3 Qh3 21.
Bd3 Bxd3 22. Qxd3 Rbd8 23. Qe3 Rd7 24. Rfd1 Rfd8 25. Rxd7 Rxd7 26. Qe4 g6 27.
Qe2 Qf5 28. f4 Qd3 29. Qxd3 Rxd3 30. Rc8+ Kg7 31. Rc2 Rd7 32. Kf2 g5 33. Ke3
Kg6 34. Ke4 g4 35. a3 Rd5 36. f5+ Kg7 37. fxe6 fxe6 38. Rc7+ Kg6 39. Rxa7 Rd2
40. b4 Rxh2 41. Re7 Kg5 42. Rg7+ Kh5 43. Re7 Rg2 44. Rxe6 Rxg3 45. Rxb6 Rxa3
46. e6 Ra8 47. Kf4 Kh4 48. e7 h5 49. Re6 Re8 50. Re1 Kh3 51. b5 g3 52. Kf3 g2
53. Kf2 h4 54. Kg1 Kg3 55. Re3+ Kf4 56. Rh3 Rxe7 57. Kxg2 Kg4 58. Rb3 Re2+ 59.
Kg1 h3 60. b6 Re1+ 61. Kh2 Re2+ 62. Kg1 Re1+ 63. Kh2 1/2-1/2

[Event "VII Festival B"]
[Site "Amantea ITA"]
[Date "2009.09.01"]
[Round "2"]
[White "Carbone, Stefano"]
[Black "Caporale, Giuseppe Guido"]
[Result "0-1"]
[WhiteElo "1695"]
[BlackElo "1824"]
[PlyCount "78"]
[EventDate "2009.08.31"]

1. Nf3 Nf6 2. g3 b6 3. Bg2 Bb7 4. d3 d6 5. O-O Nbd7 6. e4 e5 7. Nbd2 Be7 8. Nc4
O-O 9. Ne3 Re8 10. Nf5 Bf8 11. a4 a5 12. h4 Nc5 13. Re1 Bc8 14. Ne3 Be6 15. Ng5
Bd7 16. b3 h6 17. Nf3 Qc8 18. Kh2 Be6 19. Ba3 c6 20. Bxc5 bxc5 21. Nd2 d5 22.
Qe2 Bd6 23. Rab1 Qd7 24. f3 Rad8 25. Rbd1 Bc7 26. Rf1 Qe7 27. Bh3 g6 28. Bxe6
Qxe6 29. Kg2 h5 30. Rde1 Rb8 31. Rb1 Rb7 32. Rfc1 Rf8 33. Rf1 Ne8 34. g4 Ng7
35. Rh1 f5 36. g5 Qf7 37. Rhf1 Ne6 38. Kh1 Nf4 39. Qh2 Bb8 0-1

[Event "VII Festival B"]
[Site "Amantea ITA"]
[Date "2009.09.01"]
[Round "2"]
[White "Carlomagno, Vincenzo"]
[Black "Cerasoli, Mauro"]
[Result "1/2-1/2"]
[WhiteElo "1488"]
[BlackElo "1711"]
[PlyCount "55"]
[EventDate "2009.08.31"]

1. e4 d6 2. d4 g6 3. Nc3 Bg7 4. Be3 Nf6 5. f3 O-O 6. Qd2 Re8 7. O-O-O a6 8. g4
b5 9. h4 h5 10. g5 Nfd7 11. f4 e6 12. f5 exf5 13. exf5 Bb7 14. Bg2 Bxg2 15.
Qxg2 c6 16. Bf4 b4 17. Ne4 d5 18. Nd6 Rf8 19. Nf3 Nb6 20. Rhe1 Nc8 21. Qg3 Nd7
22. fxg6 fxg6 23. Qh3 Kh7 24. Nb7 Qb6 25. Qxd7 Ra7 26. Qe6 Qxb7 27. Ne5 Bxe5
28. Bxe5 1/2-1/2

[Event "VII Festival B"]
[Site "Amantea ITA"]
[Date "2009.09.01"]
[Round "2"]
[White "Di Mauro, Dante"]
[Black "Grudina, Marco"]
[Result "1/2-1/2"]
[WhiteElo "1715"]
[BlackElo "1882"]
[PlyCount "78"]
[EventDate "2009.08.31"]

1. d4 d5 2. c4 c6 3. Nc3 Nf6 4. cxd5 cxd5 5. Bf4 Bf5 6. e3 Nc6 7. Bd3 Bg6 8.
Bxg6 hxg6 9. Qb3 Qb6 10. Qxb6 axb6 11. Nb5 Kd7 12. Nf3 e6 13. O-O Ne4 14. Ne5+
Nxe5 15. dxe5 f6 16. Rfc1 Nc5 17. Rc3 Ra5 18. Nd4 Ne4 19. Rc2 g5 20. Bg3 Nxg3
21. hxg3 Bc5 22. a3 Rc8 23. Rac1 Raa8 24. b4 Bxd4 25. Rxc8 Rxc8 26. Rxc8 Kxc8
27. exd4 fxe5 28. dxe5 b5 29. Kf1 Kd7 30. Ke2 Ke8 31. Kd3 Kf7 32. g4 Ke7 33.
Kd4 b6 34. g3 Kf7 35. Kd3 Ke7 36. Kd4 Kd7 37. Kd3 Ke7 38. Kd4 Kf7 39. Kd3 Ke7
1/2-1/2

[Event "VII Festival B"]
[Site "Amantea ITA"]
[Date "2009.09.01"]
[Round "2"]
[White "Fariselli, Umberto"]
[Black "Lapenna, Michelangelo"]
[Result "0-1"]
[WhiteElo "1509"]
[BlackElo "1849"]
[PlyCount "82"]
[EventDate "2009.08.31"]

1. e4 c5 2. Nf3 d6 3. d4 cxd4 4. Nxd4 Nf6 5. f3 a6 6. Be3 e6 7. Be2 Qc7 8. c3
b6 9. O-O Bb7 10. Bd3 d5 11. Qc2 Bd6 12. g3 Nbd7 13. Qg2 Nc5 14. Bc2 dxe4 15.
b4 exf3 16. Nxf3 Ncd7 17. Bd4 O-O-O 18. Bd1 e5 19. Qf2 exd4 20. Nxd4 Ne5 21.
Be2 Ne4 22. Qf5+ Kb8 23. Bf3 g6 24. Qf4 Nxf3+ 25. Qxf3 Nxg3 26. Qxf7 Nxf1 27.
Qxc7+ Bxc7 28. Kxf1 Bxh2 29. Ke2 Rhe8+ 30. Kd3 Be4+ 31. Kd2 Bf4+ 32. Kd1 Be3
33. Na3 Bxd4 34. cxd4 Rxd4+ 35. Kc1 Rc8+ 36. Kb2 Rd2+ 37. Kb3 Bd5+ 38. Ka4 b5+
39. Ka5 Kb7 40. Rf1 Rc3 41. Rf6 Rxa3# 0-1

[Event "VII Festival B"]
[Site "Amantea ITA"]
[Date "2009.09.01"]
[Round "2"]
[White "Ielapi, Vito"]
[Black "Russo, Carmelo"]
[Result "1-0"]
[WhiteElo "1887"]
[BlackElo "1705"]
[PlyCount "47"]
[EventDate "2009.08.31"]

1. d4 Nf6 2. Nf3 d5 3. e3 Nbd7 4. Bd3 c5 5. c3 c4 6. Bc2 Qc7 7. O-O Ne4 8. Nfd2
Ndf6 9. f3 Nd6 10. e4 dxe4 11. fxe4 Ng4 12. Nf3 Qb6 13. h3 Nh6 14. Na3 f6 15.
Kh1 Nhf7 16. e5 Nf5 17. Qe1 e6 18. Nxc4 Qc7 19. Ne3 N7h6 20. Nxf5 Nxf5 21. Bf4
Be7 22. Bxf5 exf5 23. exf6 gxf6 24. Bxc7 1-0

[Event "VII Festival B"]
[Site "Amantea ITA"]
[Date "2009.09.01"]
[Round "2"]
[White "Lodi, Paolo"]
[Black "Russi, Roberto"]
[Result "0-1"]
[WhiteElo "1706"]
[BlackElo "1898"]
[PlyCount "64"]
[EventDate "2009.08.31"]

1. c4 c5 2. Nc3 g6 3. g3 Bg7 4. Bg2 Nc6 5. e4 d6 6. Nge2 Nf6 7. O-O O-O 8. d3
Rb8 9. Rb1 a6 10. f4 Bg4 11. h3 Bxe2 12. Qxe2 Nd4 13. Qf2 b5 14. Be3 Nd7 15.
Ne2 Nc2 16. Rfd1 Nxe3 17. Qxe3 bxc4 18. Rd2 c3 19. Rc2 Rxb2 20. Qc1 Qa5 21.
Rcxb2 cxb2 22. Qc4 Nb6 23. Qb3 Na4 24. Qa3 Qb5 25. Bf1 Bd4+ 26. Kh2 Rb8 27. h4
Qb4 28. Qxb4 Rxb4 29. Kg2 a5 30. Kf3 Nc3 31. Nxc3 Bxc3 32. Ke2 Ra4 0-1

[Event "VII Festival B"]
[Site "Amantea ITA"]
[Date "2009.09.01"]
[Round "2"]
[White "Luvera', Filippo"]
[Black "Paragliola, Gennaro"]
[Result "1-0"]
[WhiteElo "1835"]
[BlackElo "1619"]
[PlyCount "107"]
[EventDate "2009.08.31"]

1. e4 d6 2. d4 Nf6 3. Nc3 g6 4. Nf3 Bg7 5. Be2 O-O 6. O-O e5 7. dxe5 dxe5 8.
Bg5 Re8 9. Qxd8 Rxd8 10. Nd5 Rxd5 11. exd5 Nxd5 12. Rad1 Be6 13. c4 Nb6 14.
Rd8+ Bf8 15. Bh6 N8d7 16. Rxa8 Nxa8 17. Bxf8 Kxf8 18. Rd1 Nab6 19. b3 Ke7 20.
Ng5 h5 21. Nxe6 Kxe6 22. g3 f5 23. f3 c5 24. Kf2 Ke7 25. g4 hxg4 26. fxg4 Nf6
27. gxf5 gxf5 28. Rg1 Kf7 29. h4 Nbd7 30. Ke3 f4+ 31. Kf3 Nh5 32. Bd3 Ng3 33.
Be4 b6 34. Rd1 Ke7 35. Rd2 Nf6 36. Bc6 Nf5 37. Bd5 Nxh4+ 38. Kf2 e4 39. Kf1 Nf3
40. Re2 Ng5 41. Rg2 Nfh7 42. Bxe4 Kf6 43. Bxh7 Nxh7 44. Rg8 Ng5 45. Ra8 Ke5 46.
Rxa7 Kd4 47. Rb7 Ne4 48. Rxb6 f3 49. Re6 Kd3 50. Rxe4 Kxe4 51. Kf2 Kd3 52. Kxf3
Kc3 53. Ke4 Kb4 54. Kd5 1-0

[Event "VII Festival B"]
[Site "Amantea ITA"]
[Date "2009.09.01"]
[Round "2"]
[White "Mancino, Roberta"]
[Black "Montalbano, Federico"]
[Result "1/2-1/2"]
[WhiteElo "1721"]
[BlackElo "1509"]
[PlyCount "130"]
[EventDate "2009.08.31"]

1. c4 Nf6 2. Nc3 e6 3. g3 d5 4. cxd5 Nxd5 5. Bg2 b6 6. e4 Nf6 7. Nge2 Bb7 8.
O-O Be7 9. d4 O-O 10. h3 c5 11. Be3 Nbd7 12. d5 exd5 13. exd5 Re8 14. d6 Bxg2
15. dxe7 Rxe7 16. Kxg2 Qc7 17. Nf4 Ne5 18. Ncd5 Qc6 19. Kg1 Rd7 20. Nxf6+ gxf6
21. Qh5 Nf3+ 22. Kh1 Nd2+ 23. f3 Nxf1 24. Rxf1 Kh8 25. Qh6 Rg8 26. Nh5 Rg6 27.
Qf4 Qe6 28. g4 Qe5 29. b3 Re7 30. Qxe5 fxe5 31. Ng3 Rd7 32. h4 Rgd6 33. Kg2 Rd3
34. Re1 Rc3 35. Kf2 Rc2+ 36. Re2 Rxe2+ 37. Kxe2 Kg7 38. h5 f6 39. Ne4 Kf7 40.
f4 Ke6 41. f5+ Kf7 42. Bf2 Rc7 43. Bh4 Rc6 44. Kd3 b5 45. Kc3 h6 46. Bf2 Ra6
47. Kb2 c4 48. bxc4 bxc4 49. a3 Ra4 50. Nc3 Ra5 51. Be3 Kg7 52. a4 Ra6 53. Kc2
Rb6 54. Kd2 Ra6 55. Bc5 Ra5 56. Bb4 Ra6 57. a5 Rc6 58. Ke3 Rc7 59. Nd5 Rd7 60.
Ke4 Kf7 61. a6 Rd8 62. Bc5 Rd7 63. Be3 Kg7 64. Nb4 Rc7 65. Kd5 c3 1/2-1/2

[Event "VII Festival B"]
[Site "Amantea ITA"]
[Date "2009.09.01"]
[Round "2"]
[White "Nicoletta, Oscare"]
[Black "Battaglia, Domenica"]
[Result "0-1"]
[WhiteElo "1341"]
[BlackElo "1512"]
[PlyCount "28"]
[EventDate "2009.08.31"]

1. d4 d5 2. e3 Nf6 3. Bd3 e6 4. Ne2 Nc6 5. O-O Bd6 6. c3 O-O 7. Bc2 e5 8. f3
Re8 9. e4 dxe4 10. fxe4 exd4 11. Ba4 Rxe4 12. Bxc6 bxc6 13. Nxd4 Bc5 14. Bg5
Bxd4+ 0-1

[Event "VII Festival B"]
[Site "Amantea ITA"]
[Date "2009.09.01"]
[Round "2"]
[White "Rametta, Marcello"]
[Black "Zampaglione, Davide"]
[Result "1/2-1/2"]
[WhiteElo "1846"]
[BlackElo "1620"]
[PlyCount "21"]
[EventDate "2009.08.31"]

1. e4 e5 2. Bc4 Nf6 3. d3 c6 4. h3 d5 5. exd5 cxd5 6. Bb3 Be6 7. Ne2 Bd6 8. Bg5
Nbd7 9. O-O O-O 10. Nbc3 Qc7 11. Nb5 1/2-1/2

[Event "VII Festival B"]
[Site "Amantea ITA"]
[Date "2009.09.01"]
[Round "2"]
[White "Rizzi, Domenico"]
[Black "Furnari, Francesco"]
[Result "0-1"]
[WhiteElo "1605"]
[BlackElo "1832"]
[PlyCount "77"]
[EventDate "2009.08.31"]

1. e4 e5 2. Nf3 Nc6 3. Bc4 Bc5 4. c3 Nf6 5. d4 exd4 6. e5 Qe7 7. cxd4 Bb4+ 8.
Nbd2 d5 9. Bb5 Ne4 10. O-O Nxd2 11. Nxd2 O-O 12. Bxc6 bxc6 13. a3 Bxd2 14. Bxd2
c5 15. f4 cxd4 16. Bb4 c5 17. Bd2 Bf5 18. Rc1 Rfc8 19. Re1 Qe6 20. h3 Qb6 21.
g4 Be4 22. f5 Qxb2 23. Re2 Qxa3 24. Rxe4 Qg3+ 25. Kh1 Qxh3+ 26. Kg1 Qg3+ 27.
Kh1 dxe4 28. Qg1 Qh3+ 29. Qh2 Qxg4 30. Be1 Qf3+ 31. Qg2 Qxg2+ 32. Kxg2 Rab8 33.
Kg3 Rb3+ 34. Kf4 e3 35. e6 fxe6 36. fxe6 Rc6 37. e7 Kf7 38. Bh4 h6 39. Rf1 0-1

[Event "VII Festival B"]
[Site "Amantea ITA"]
[Date "2009.09.01"]
[Round "2"]
[White "Scalise, Sandro"]
[Black "De Rasis, Giovanni"]
[Result "1/2-1/2"]
[WhiteElo "1631"]
[BlackElo "1873"]
[PlyCount "24"]
[EventDate "2009.08.31"]

1. d4 d5 2. Nc3 e5 3. dxe5 d4 4. Nb5 c5 5. e4 a6 6. Na3 Nc6 7. Nf3 Be6 8. Bc4
Bxc4 9. Nxc4 b5 10. Nd6+ Bxd6 11. exd6 Qxd6 12. O-O Nge7 1/2-1/2

[Event "VII Festival B"]
[Site "Amantea ITA"]
[Date "2009.09.01"]
[Round "2"]
[White "Tricomi, Massimo"]
[Black "Mileo, Miguelito"]
[Result "1/2-1/2"]
[WhiteElo "1875"]
[BlackElo "1656"]
[PlyCount "42"]
[EventDate "2009.08.31"]

1. c4 c6 2. Nf3 Nf6 3. Nc3 d5 4. cxd5 cxd5 5. d4 a6 6. Bf4 e6 7. e3 Nbd7 8. Bd3
Be7 9. Ne5 Nxe5 10. dxe5 Nd7 11. Qc2 h6 12. Ne2 Qa5+ 13. Kf1 Nc5 14. a3 Nxd3
15. Qxd3 Bd7 16. Qc3 Qd8 17. Nd4 O-O 18. Ke2 Qb6 19. Rhc1 Rfc8 20. Qb3 Qa7 21.
Ke1 b5 1/2-1/2

[Event "VII Festival B"]
[Site "Amantea ITA"]
[Date "2009.09.01"]
[Round "2"]
[White "Vacchiano, Salvatore"]
[Black "Sansosti, Simona"]
[Result "1-0"]
[WhiteElo "1539"]
[BlackElo "1431"]
[PlyCount "55"]
[EventDate "2009.08.31"]

1. e4 e5 2. f4 d5 3. exd5 c6 4. dxc6 Nxc6 5. Nf3 Bg4 6. Be2 exf4 7. O-O Bd6 8.
c3 Nge7 9. d4 Ng6 10. Nbd2 O-O 11. Ne4 Bc7 12. h3 Bf5 13. Nc5 Rb8 14. Nd3 Re8
15. b4 b5 16. a4 a6 17. Nc5 Rb6 18. a5 Nxd4 19. cxd4 Rd6 20. Nb7 Qe7 21. Nxd6
Bxd6 22. Bd3 Bxd3 23. Qxd3 Bxb4 24. Bd2 Rc8 25. Rfe1 Qd6 26. Bxb4 Qxb4 27. Qa3
Qc4 28. Qd6 1-0

[Event "VII Festival B"]
[Site "Amantea ITA"]
[Date "2009.09.01"]
[Round "2"]
[White "Vocaturo, Riccardo"]
[Black "Pugliese, Stefano"]
[Result "1-0"]
[WhiteElo "1641"]
[BlackElo "1580"]
[PlyCount "75"]
[EventDate "2009.08.31"]

1. e4 b6 2. d4 e6 3. Nf3 h6 4. Nc3 Bb7 5. Bd3 c5 6. Be3 cxd4 7. Nxd4 Nf6 8. f3
g6 9. O-O Bg7 10. Ndb5 d5 11. Bf4 h5 12. Nd6+ Kf8 13. Nxb7 Qd7 14. Nd6 Nc6 15.
e5 Nh7 16. Re1 g5 17. Bg3 h4 18. Bf2 Bxe5 19. Ndb5 d4 20. Bxh7 Rxh7 21. Qd3 f5
22. Rad1 Rd8 23. Ne2 Nb4 24. Qc4 d3 25. Qxb4+ Kg8 26. Rxd3 Qc8 27. Nxa7 Qb8 28.
Nc6 Bxh2+ 29. Kh1 Qc7 30. Rxd8+ Kg7 31. Qf8+ Kg6 32. Qg8+ Rg7 33. Qxe6+ Kh7 34.
Qxf5+ Kh6 35. Rh8+ Rh7 36. Nf4 Bxf4 37. Re6+ Kg7 38. Qxh7# 1-0